| 000 | 00510nam a2200181Ia 4500 | ||
|---|---|---|---|
| 005 | 20250508161339.0 | ||
| 008 | 008 250505s9999 xx 000 0 eng d | ||
| 037 | _aBooks to be hide in OPAC | ||
| 040 |
_aFEDL _beng _cFEDL |
||
| 041 |
_aeng _2eng |
||
| 084 |
_a539.14, HEC/O _qFEDL |
||
| 100 |
_aHecht Selig _9770633 |
||
| 245 | 0 | _aExplaining the atom | |
| 260 |
_aNew York, USA _bThe Viking Press _c1957 |
||
| 300 | _axviii,237p | ||
| 942 |
_cHB _h539.14, HEC/O |
||
| 999 |
_c1369647 _d1369647 |
||